000 00388nam a2200157Ia 4500
003 GCL
008 140319s9999 xx 000 0 eng d
040 _aGCL /
_cGCL
082 0 4 _a330
_bH E
100 1 _aHARRISON, BARRY
245 1 0 _aECONOMICS /
_cHARRISON, BARRY
260 _a[S.N] :
_bLONGMAN GROUP UK LIMITED ،
_c1990
300 _a263 P
650 0 4 _aECONOMICS
942 _2ddc
_cBK
999 _c20791
_d20791